000 00309nam a2200121Ia 4500
008 230303s9999 xx 000 0 und d
041 _aeng
082 _a621.38'1044 SHA
100 _aShaffer(Randall)
245 _aFundamantals of Power Electronics with Matlab
260 _aNEW YORK
_bCenage
365 _cRS
999 _c182427
_d182427